Partidos y clientelismo en Ecuador /
Kaydedildi:
| Yazar: | |
|---|---|
| Materyal Türü: | Metin |
| Konular: | |
| Etiketler: |
Etiketle
Etiket eklenmemiş, İlk siz ekleyin!
|
MARC
| LEADER | 00000 a a2200000 04500 | ||
|---|---|---|---|
| 001 | 13221 | ||
| 003 | |||
| 040 | |||
| 100 | |a Pachano, Simón | ||
| 245 | |a Partidos y clientelismo en Ecuador / |c Simón Pachano | ||
| 500 | |a Trabajo realizado en el marco del proyecto | ||
| 650 | |a COMPORTAMIENTO POLITICO | ||
| 650 | |a SISTEMAS POLITICOS | ||
| 650 | |a PARTIDOS POLITICOS | ||
| 650 | |a CENTRALIZACION | ||
| 650 | |a CLIENTELISMO | ||
| 773 | |g número 2; páginas 21-39 | ||
| 999 | |c 38807 |d 38807 | ||
